=LDR 00000nam 2200000 4500 =001 000989 =005 20250712022130 =035 ##$$a 0010-0725000868 =007 ta =008 250712###########################0###### =020 ##$$a 978-623-472-622-0 =082 ##$$a 398.209 598 =084 ##$$a 398.209 598 RAM g =100 #$$a Raman, Menaka =245 1#$$a Gappu Tak Pandai Menari /$c Menaka Raman =250 ##$$a Cetakan Pertama =260 ##$$a Jakarta :$b Badan Pengembangan dan Pembinaan Bahasa,$c 2022 =300 ##$$a 20hlm. : $b ilus. ; $c 22,9cm =650 #4$$a CERITA ANAK INDONESIA TERJEMAHAN =600 #4$$a LITERASI-BAHAN BACAAN